America's Top 50 Employers Quiz Stats

 Plays Quiz Updated Dec 6, 2018

Support Sporcle.
Go Orange.
Score 0/50 Timer 12:00
3 Plays Today
Rank Company % Correct
6McDonald's
78.9%
1Walmart Stores
77.4%
32Ford Motor
61.3%
25General Motors
56.9%
11Target
56.2%
3Yum Brands
49.8%
13General Electric
47.8%
44Sears
36.9%
16AT&T
36.7%
19Starbucks
36.2%
29Bank of America
34.7%
17PepsiCo
34%
4IBM
33.9%
43Macy's
33.8%
37Hilton Worldwide Holdings
33.5%
38Verizon Communications
32.6%
5Home Depot
28.6%
42Lear
26%
34Walt Disney
25%
20J.P. Morgan Chase & Co.
24.9%
10United Parcel Service
24.8%
21Lowe's
24.2%
46Jabil
23.9%
9FedEx
23.5%
41Boeing
23.1%
Rank Company % Correct
12Walgreens Boots Alliance
21.4%
15Wells Fargo
21%
2Kroger
20.6%
33Hewlett-Packard
19.3%
30CVS Caremark
19.3%
26Citigroup
19%
14Albertsons Cos.
16.4%
18Cognizant Technology Solutions
14.7%
7Berkshire Hathaway
14.5%
47Oracle
14%
48Gap
13.2%
8Amazon.com
9%
40Darden Restaurants
8.4%
35Publix Super Markets
8.3%
22TJX
8%
49Xerox
6.4%
24Marriott International
6.1%
36Costco
3.8%
45Dell Technologies
3.7%
39Comcast
3.3%
50Honeywell International
2.9%
27Aramark
2.8%
31United Technologies
2.6%
28Hospital Corporation of America (HCA)
2%
23UnitedHealth Group
2%

From the Vault

'A'-Less Countries (A-Z)

by A5l9

Finding an A-less country that starts with 'A' is going to be kind of difficult.
Remove Ads.
Support Sporcle.
Get the best of Sporcle when you Go Orange. This ad-free experience offers more features, more stats, and more fun while also helping to support Sporcle. Thank you for becoming a member.

Show Comments

Extras

Top Quizzes Today


Score Distribution

Your Account Isn't Verified!

In order to create a playlist on Sporcle, you need to verify the email address you used during registration. Go to your Sporcle Settings to finish the process.

Report this User

Report this user for behavior that violates our Community Guidelines.

Details: